| 000 | 00705cam a22002413a 4500 | ||
|---|---|---|---|
| 001 | 23510 | ||
| 003 | PGUSA | ||
| 005 | 20140828083512.0 | ||
| 008 | 071116s2007||||xxu|||||s|||||000 1 eng d | ||
| 040 |
_aPGUSA _beng |
||
| 042 | _adc | ||
| 050 | 4 | _aPS | |
| 100 | 1 |
_aPage, Thomas Nelson, _d1853-1922 |
|
| 245 | 1 | 4 |
_aThe Sheriffs Bluff : _b1908 _h[electronic resource] / _cThomas Nelson Page |
| 260 |
_bProject Gutenberg, _c2007 |
||
| 506 | _aPublic domain in the USA. | ||
| 516 | _aElectronic text | ||
| 653 | _aShort stories | ||
| 653 | _aSouthern States -- Social life and customs -- Fiction | ||
| 830 | 0 |
_aProject Gutenberg _v23510 |
|
| 856 | 4 | 0 | _uhttp://www.gutenberg.org/ebooks/23510 |
| 942 | _cEB | ||
| 999 |
_c252765 _d252765 |
||